000 00392nam a2200145Ia 4500
008 231129s1997||||xx |||||||||||||| ||spa||
020 _a958-34-0018-1
040 _bspa
082 _a920.71 A666c
100 _aArboleda Gonzalez Carlos
245 0 _aCartas 14 personajes de la historia
260 _c1997
264 _aPlaza y Janes
942 _2ddc
_cBKS
999 _c6694
_d6694